Jama Qur`an (Record no. 10886)

MARC details
000 -LEADER
fixed length control field 00639nam a2200241 a 4500
020 ## - INTERNATIONAL STANDARD BOOK NUMBER
ISBN
082 00 - DEWEY DECIMAL CLASSIFICATION NUMBER
Classification number 297.1221
Author Cutter LAH
100 ## - MAIN ENTRY--AUTHOR NAME
Author name Lahori, Mohammad Ali
245 ## - TITLE STATEMENT
Title Jama Qur`an
260 ## - PUBLICATION, DISTRIBUTION, ETC. (IMPRINT)
Place of publication Bombay
Name of publisher Darul Ishaat Kutub Khana Islamia
Year of publication 1992
300 ## - PHYSICAL DESCRIPTION
Number of Pages 152p.
500 ## - GENERAL NOTE
General note includes index and biblioraphy
505 2# - FORMATTED CONTENTS NOTE
Formatted contents note Quranic view of Christianity in the light of modern research
650 ## - SUBJECT ADDED ENTRY--TOPICAL TERM
Topical Term Quran-Origin
942 ## - ADDED ENTRY ELEMENTS (KOHA)
Koha item type Books
700 1# -
-- Lahori, Mohammad Ali
Holdings
Collection code Home library Current library Date acquired Cost, normal purchase price Full call number Accession Number Koha item type
  Henry Martyn Institute Library Henry Martyn Institute Library 07/30/2007 100.00 297.1221 LAH 015688 Books
                   Copyright © 2026 | Henry Martyn Institute | Hyderabad | TS-500052 | INDIA | Implemented by hmi.edu.in
Hit-Count:

Powered by Koha